000 00489nam a2200121Ia 4500
008 220620s9999||||xx |||||||||||||| ||und||
100 _aLehnart, S.E.
245 0 _aChapter Combined Neuro-Cardiogenic Epilepsy Syndromes and Novel Mechanistic Insights
546 _aEnglish[eng]
650 _aComputing & information technology
856 _uhttps://library.oapen.org/bitstream/20.500.12657/48957/1/21514.pdf||https://library.oapen.org/bitstream/20.500.12657/48957/1/21514.pdf
942 _cEB
999 _c21507
_d21507